| 000 | 01016cam a22003371| 4500 | ||
|---|---|---|---|
| 999 |
_c5017 _d5017 |
||
| 001 | 1278774 | ||
| 003 | ALUPE UNIVERSITY | ||
| 005 | 20220401121301.0 | ||
| 008 | 710310s1971 paua b 1 0 eng x | ||
| 010 | _a 74103537 | ||
| 020 | _a0803659601 | ||
| 035 | _aocm00124774 | ||
| 040 |
_aLC _beng _cALUPE UNIVERSITY |
||
| 049 | _aAEU | ||
| 050 | 0 |
_aRD118 _b.M4 1971 |
|
| 082 | _a617/.95 | ||
| 090 | 0 |
_aRD 118 M46 1971 _bAEU |
|
| 100 | 1 |
_aMay, Hans, _d1902- |
|
| 245 | 1 | 0 | _aPlastic and reconstructive surgery. |
| 250 | _a3d ed. | ||
| 260 |
_aPhiladelphia: _bF. A. Davis Co., _c[c1971] |
||
| 300 |
_axv, 1254 p.: _billus. (part col.); _c27 cm. |
||
| 336 |
_atext _btxt _2rdacontent |
||
| 337 |
_aunmediated _bn _2rdamedia |
||
| 338 |
_avolume _bnc _2rdacarrier |
||
| 500 | _a1947-68 editions published under title: Reconstructive and reparative surgery. | ||
| 504 | _aIncludes bibliographies. | ||
| 650 | 0 | _aSurgery, Plastic. | |
| 740 | 0 | _aReconstructive and reparative surgery. | |
| 942 |
_2lcc _cBK _nJO |
||